LIBRARY & INFORMATION CENTRE, KCAET, TAVANUR

ONLINE PUBLIC ACCESS CATALOGUE (OPAC)

Winning Interviews for top jobs (Record no. 13842)

MARC details
000 -LEADER
fixed length control field 00276nam a22001217a 4500
020 ## - INTERNATIONAL STANDARD BOOK NUMBER
ISBN 9788183482776
082 ## - DEWEY DECIMAL CLASSIFICATION NUMBER
Classification number 028.702 SIJ/WI
100 ## - MAIN ENTRY--AUTHOR NAME
Personal name Sijwali B S
245 ## - TITLE STATEMENT
Title Winning Interviews for top jobs
260 ## - PUBLICATION, DISTRIBUTION, ETC. (IMPRINT)
Place of publication Meerut
Name of publisher Arihant Publications
300 ## - PHYSICAL DESCRIPTION
Number of Pages 218
942 ## - ADDED ENTRY ELEMENTS (KOHA)
Koha item type Books
Holdings
Withdrawn status Lost status Damaged status Collection code Home library Current library Shelving location Date acquired Source of acquisition Cost, normal purchase price Full call number Accession Number Koha item type
      Non-fiction KAUAET KAUAET General Stacks 31/03/2012 Penta Books,Calicut 125.00 028.702 SIJ/WI 23466 Books
free website counter